000 00536nam a2200181Ia 4500
008 151202s9999||||xx |||||||||||||| ||und||
082 _bPNVM-62759
100 _aभावे पु.भा.
245 _aप्रतारणा.
260 _b"प्रतिमा प्रकाशन,पुणे."
260 _c62759
300 _a152
600 _aभावे पु.भा.
630 _aप्रतारणा.
700 _aभावे पु.भा.
730 _aप्रतारणा.
942 _cBOOK
999 _c1329293
_d1329290